000 00581nam a22001697a 4500
003 OSt
005 20260319155800.0
008 260319b |||||||| |||| 00| 0 eng d
040 _cMRSPTU
041 _aEnglish
100 _aDolly Chauhan, Supervisor: Dr. Rahul Deshmukh
245 _aNeuroprotective Effect Of Perillyl Alcohol In Experimental Sporadic Alzheimer’s Disease
260 _bDepartment of Pharmacy, MRSPTU, Bathinda
_c2021
650 _aPharmaceutical Sciences and Technology
856 _uhttp://163.47.215.52:8080/jspui/handle/123456789/66
942 _2ddc
_cTH
_n0
999 _c11212
_d11212